Economic reforms and Indian agriculture: (Record no. 34796)

MARC details
000 -LEADER
fixed length control field 01028nam a22002537a 4500
005 - DATE AND TIME OF LATEST TRANSACTION
control field 20100319153637.0
008 - FIXED-LENGTH DATA ELEMENTS--GENERAL INFORMATION
fixed length control field 100319t xxu||||| |||| 00| 0 eng d
010 ## - LCCN (DPL NO)
LC control number ENG-95918
020 ## - INTERNATIONAL STANDARD BOOK NUMBER
International Standard Book Number 9788184840209
Terms of availability 1250.00
035 ## - SYSTEM CONTROL NUMBER
System control number EN-79451
037 ## - SOURCE OF ACQUISITION
Source of stock number/acquisition DBAD/PUB
040 ## - CATALOGING SOURCE
Original cataloging agency DPL
082 ## - DEWEY DECIMAL CLASSIFICATION NUMBER
Classification number 338.1854
100 ## - MAIN ENTRY--PERSONAL NAME
Personal name Md. Tarique
245 ## - TITLE STATEMENT
Title Economic reforms and Indian agriculture:
Statement of responsibility, etc by Md. Tarique
Remainder of title a comparative analysis of pre and post reform era/
260 ## - PUBLICATION, DISTRIBUTION, ETC. (IMPRINT)
Place of publication, distribution, etc New Delhi
Name of publisher, distributor, etc Regal Publications
Date of publication, distribution, etc 2009
270 ## - ADDRESS
Address F-159, Rajouri Garden
City New Delhi
Postal code 110027
300 ## - PHYSICAL DESCRIPTION
Extent lxiii, 311p. :
Dimensions 24 cm. (Hb)
Accompanying material Charts and Tables
500 ## - GENERAL NOTE
General note Includes bibliographical references and index
610 ## - SUBJECT ADDED ENTRY--CORPORATE NAME
Corporate name or jurisdiction name as entry element World Trade Organization
Geographic subdivision India
650 ## - SUBJECT ADDED ENTRY--TOPICAL TERM
Topical term or geographic name as entry element Agriculture and state
Geographic subdivision India
General subdivision History
942 ## - ADDED ENTRY ELEMENTS (KOHA)
Source of classification or shelving scheme Dewey Decimal Classification
Item type English Books
Call number suffix TAR
Classification part 338.1854
Holdings
Withdrawn status Lost status Source of classification or shelving scheme Materials specified (bound volume or other part) Damaged status Not for loan Collection code Home library Current library Date acquired Source of acquisition Cost, normal purchase price Total Checkouts Full call number Barcode Date last seen Copy number Cost, replacement price Koha item type
    Dewey Decimal Classification Hb   Not For Loan Non-fiction D.B.Act.Division D.B.Act.Division 19/02/2010 DBAD/PUB 1250.00   338.1854 TAR EN-79451 19/03/2010 1 1250.00 English Books

© Delhi Public Library
Hit Counter
free hit counter